000 00335nam a2200145Ia 4500
005 20251222143308.0
008 251222s9999||||xx |||||||||||||| ||spa||
020 _a99725606392
082 _a986.601/E88
100 _a Espinosa Reyes, Ricardo
245 0 _aLa Gran Ruta Inga:
250 _a1ra.ed.
264 _bIpna
942 _cLIB
999 _c15605
_d15605